| 000 | 00699nam a2200253 a 4500 | ||
|---|---|---|---|
| 001 | 65996 | ||
| 003 | BD-RjUL | ||
| 005 | 20211209081505.0 | ||
| 008 | 170313s1997 ii a 001 0 eng | ||
| 020 |
_a8170297974 _c$29.95 |
||
| 035 | _a(BD-RjUL)66126 | ||
| 040 |
_aDLC _cDLC _dBD-RjUL _beng |
||
| 041 | _aeng | ||
| 082 | 0 | 0 |
_a005.432 _223 _bKEU 1997 |
| 100 | 2 |
_aKelly-Bootle, Stan. _9195213 |
|
| 245 | 1 | 0 |
_aUnderstanding UNIX / _cStan Kelly-Bootle. |
| 250 | _a2nd ed. | ||
| 260 |
_aSan Francisco : _bSYBEX, _c1997 |
||
| 300 |
_axxviii, 587 p. : _bill. ; _c23 cm. |
||
| 500 | _aIncludes index. | ||
| 650 |
_aUNIX (Computer file) _9194570 |
||
| 942 |
_2ddc _cBK |
||
| 999 |
_c65996 _d65996 |
||